Leadership in schools /

Bibliographic Details
Main Author: John, Denys
Format: Book
Language:English
Published: London : Heinemann Educational Books, 1980.
Series:Heinemann organization in schools series
Subjects:

MARC

Tag First Indicator Second Indicator Subfields
LEADER 00000cam a2200000 a 4500
001 in00000088115
005 20151008065023.0
008 820310s1980 enka b 00110 eng
010 |a  81109907  
015 |a GB*** 
020 |a 0435804685 :  |c 5.95 
035 |a (OCoLC)07025730 
035 |9 AAK5216AM 
039 0 |a 2  |b 3  |c 3  |d 3  |e 3 
040 |a DLC  |c DLC  |d TXA  |d UtOrBLW 
043 |a e-uk--- 
049 |a TXAM  |c [1272357] 
050 0 0 |a LB2901  |b .J63 
082 0 |a 371.2/00941  |2 19 
100 1 |a John, Denys. 
245 1 0 |a Leadership in schools /  |c Denys John. 
264 1 |a London :  |b Heinemann Educational Books,  |c 1980. 
300 |a x, 181 pages :  |b illustrations ;  |c 23 cm. 
336 |a text  |b txt  |2 rdacontent 
337 |a unmediated  |b n  |2 rdamedia 
338 |a volume  |b nc  |2 rdacarrier 
490 0 |a Heinemann organization in schools series 
500 |a Includes index. 
504 |a Bibliography: page [173]. 
650 0 |a School management and organization  |z Great Britain. 
650 0 |a Leadership. 
999 |a MARS 
999 f f |s dcb60677-b43c-370e-a983-f50025875079  |i fe4c7792-b0e7-344c-abbb-f5df963cb0c3  |t 0 
952 f f |p ric  |a Texas A&M University  |b Rellis Campus  |c Joint Library Facility  |d Remote Storage  |t 0  |e LB2901 .J63  |h Library of Congress classification  |i unmediated -- volume  |m A14806162530 
998 f f |a LB2901 .J63  |t 0  |l Remote Storage